Efektivita čínské rozvojové pomoci
Teoretické prístupy k posúdeniu efektívnosti poskytovania rozvojovej pomoci. Hodnotenie efektívnosti rozvojovej pomoci vo vybraných medzinárodných organizacách (Rozvojový program Organizácie spojených národov, Svetová banka, Organizácia pre hospodársku spoluprácu a rozvoj a Medzinárodný menový fond)...
Salvato in:
| Autore principale: | |
|---|---|
| Natura: | Capitolo di libro |
| Lingua: | ceco |
| Soggetti: | |
| Tags: |
Nessun Tag, puoi essere il primo ad aggiungerne!!
|
MARC
| LEADER | 00000naa a2200000 4500 | ||
|---|---|---|---|
| 001 | 0211502 | ||
| 005 | 20220713131042.4 | ||
| 041 | 0 | |a cze | |
| 044 | |a CZ | ||
| 245 | 1 | 0 | |a Efektivita čínské rozvojové pomoci |c Monika Erbenová |
| 520 | |a Teoretické prístupy k posúdeniu efektívnosti poskytovania rozvojovej pomoci. Hodnotenie efektívnosti rozvojovej pomoci vo vybraných medzinárodných organizacách (Rozvojový program Organizácie spojených národov, Svetová banka, Organizácia pre hospodársku spoluprácu a rozvoj a Medzinárodný menový fond). Hodnotenie efektívnosti čínskej rozvojovej pomoci ako celku. | ||
| 610 | 2 | 0 | |a efektívnosť ekonomická |
| 610 | 2 | 0 | |a Čína |
| 610 | 2 | 0 | |a pomoc rozvojová |
| 610 | 2 | 0 | |a organizácie medzinárodné |
| 100 | 1 | |a Erbenová, Monika | |